Nimeä eri auto logot! pt1 - Statistics

Yleistilastot
  • Tätä visaa on pelattu 180 kertaa
  • Keskiarvotulos 14 / 16
Vastaustilastot
Kuvavisa Hint Vastaus % Oikein
Valmistusmaa Saksa BMW
100%
Valmistusmaa Saksa Audi
99%
Valmistusmaa Japani Honda
97%
Valmistusmaa Etelä-Korea KIA
93%
Valmistusmaa USA Ford
92%
Valmistusmaa Saksa Opel
92%
Valmistusmaa Ruotsi Volvo
92%
valmistusmaa Tsekki Skoda
89%
Valmistusmaa Japani Toyota
87%
Valmsitusmaa Saksa Volkswagen
83%
Valmistusmaa Japani Nissan
79%
Valmistusmaa Saksa Mercedes-Benz
78%
Valmistusmaa Ranska Peugeot
78%
Valmistusmaa Japani Mazda
75%
Valmistusmaa Ranska Renault
72%
Valmistusmaa Etelä-Korea Hyndai
57%
Ehtoja vastaavia visoja ei löytynyt
Tulosjakauma
Jokaisen tuloksen saaneiden osuus
Persentiili vastausten määrän mukaan
Tuloshistoriasi
Et ole pelannut tätä visaa